Načítá se...

Thirakal puzhakalayirunnui

Podrobná bibliografie
Hlavní autor: Anand,Unnithan
Médium: Printed Book
Jazyk:Malayalam
Vydáno: Mavelikkara: Fabian Books, 2009.
Témata:
LEADER 00525nam a22001577a 4500
008 160224b xxu||||| |||| 00| 0 mal d
020 |a 9798187333691 
082 |a 853.6A2 THI 
100 |a Anand,Unnithan 
245 |a Thirakal puzhakalayirunnui  |c /Anand,Unnithan 
260 |a Mavelikkara:   |b Fabian Books,  |c 2009. 
300 |a 71p. 
650 |a Novel 
942 |c BK 
999 |c 234183  |d 234183 
952 |0 0  |1 0  |4 0  |6 853_000000000000000_6A2_THI  |7 0  |9 259661  |a MAL  |b MAL  |c ST1  |d 2016-02-24  |g 50.00  |l 0  |o 853.6A2 THI  |p MAL37721  |r 2016-02-24  |w 2016-02-24  |y BK